| 000 | 00633nam a22002177a 4500 | ||
|---|---|---|---|
| 100 | _aSrinivasa Reddy, D | ||
| 245 | _aClimate-resilient technology to adapt to climate change for sustainable livelihood and production | ||
| 260 | _bMysore Journal of Agricultural Sciences, 57(2): 2023. 294-300. | ||
| 300 | _bApril-June | ||
| 650 | _aClimate change | ||
| 650 | _aClimate resilient | ||
| 650 | _aClimate vulnerable | ||
| 650 | _aIntercropping system | ||
| 700 | _aSavitha, M.S. | ||
| 700 | _aRamesh, P.R | ||
| 700 | _aBhandi, N.H | ||
| 700 | _aTeggelli, R.G | ||
| 700 | _aViswanath | ||
| 700 | _aRavi, S. | ||
| 942 | _cJS | ||
| 999 |
_c75078 _d75078 |
||